Японская новелла. 1960-1970 (Запись № 6365465)

Подробности
000 -МАРКЕР
контрольное поле 02972nam0a22003971 4500
001 - ИДЕНТИФИКАТОР ЗАПИСИ
контрольное поле rc\3224740
005 - ИДЕНТИФИКАТОР ВЕРСИИ
контрольное поле 20250609164537.0
021 ## - НОМЕР ГОСУДАРСТВЕННОЙ РЕГИСТРАЦИИ
Код страны российская федерация
Номер [72-51136]
035 ## - ДРУГИЕ СИСТЕМНЫЕ НОМЕРА
Идентификатор записи (NLR Aleph) 007366794
100 ## - ДАННЫЕ ОБЩЕЙ ОБРАБОТКИ
Данные общей обработки 20130115d1972 |||y0rusy50 ca
101 1# - ЯЗЫК РЕСУРСА
Язык текста, звукозаписи и т.д. русский
Язык оригинала японский
102 ## - СТРАНА ПУБЛИКАЦИИ ИЛИ ПРОИЗВОДСТВА
Страна публикации российская федерация
105 ## - ПОЛЕ КОДИРОВАННЫХ ДАННЫХ: ТЕКСТОВЫЕ МАТЕРИАЛЫ, МОНОГРАФИЧЕСКИЕ
Кодированные данные о монографическом текстовом документе y z |||||
200 1# - ЗАГЛАВИЕ И СВЕДЕНИЯ ОБ ОТВЕТСТВЕННОСТИ
Основное заглавие Японская новелла. 1960-1970
Сведения, относящиеся к заглавию [Сборник]
-- Пер. с яп.
Первые сведения об ответственности [Предисл. В. Гривнина]
210 ## - ПУБЛИКАЦИЯ, РАСПРОСТРАНЕНИЕ И ДР.
Место издания, распространения и т.д. Москва
Имя издателя, распространителя и т. д. Прогресс
Дата издания, распространения и т.д. 1972
215 ## - ФИЗИЧЕСКАЯ ХАРАКТЕРИСТИКА
Специфическое обозначение материала и объем 443 с.
Размеры 20
300 ## - ОБЩИЕ ПРИМЕЧАНИЯ
Текст примечания На обороте тит. л. сост.: К. Рехо
327 1# - ПРИМЕЧАНИЯ О СОДЕРЖАНИИ
Текст примечания Содерж.: Детская / К. Абэ. Белая роза / Т. Абэ. Неожиданное происшествие / Д. Есиюки. Свое лицо / Т. Исикава. Голос бамбука, цветок персика / Я. Кавабата. Награду солдату / Т. Кайко. Желтый корабль / М. Кита. Далекое море Лейте / С. Кубота. Счастливый каллиграф Тайдзан / С. Мусянокодзи. За пеленой дождя / Т. Нагаи, и новеллы других авт.
464 #0 - АНАЛИТИЧЕСКИЙ УРОВЕНЬ
Встроенное поле 2001#$aЖелтый корабль$eНовелла
-- 700#1$aКита$bМ.
Заглавие Желтый корабль
Автор Кита, М.
464 #0 - АНАЛИТИЧЕСКИЙ УРОВЕНЬ
Встроенное поле 2001#$aНаграду солдату$eНовелла
-- 700#1$aКайко$bТ.$gТакэси
Заглавие Награду солдату
Автор Кайко, Такэси
464 #0 - АНАЛИТИЧЕСКИЙ УРОВЕНЬ
Встроенное поле 2001#$aДалекое море Лейте$eНовелла
-- 700#1$aКубота$bС.
Заглавие Далекое море Лейте
Автор Кубота, С.
464 #0 - АНАЛИТИЧЕСКИЙ УРОВЕНЬ
Встроенное поле 2001#$aЗа пеленой дождя$eНовелла
-- 700#1$aНагаи$bТ.
Заглавие За пеленой дождя
Автор Нагаи, Т.
464 #0 - АНАЛИТИЧЕСКИЙ УРОВЕНЬ
Встроенное поле 2001#$aСчастливый каллиграф Тайдзан$eНовелла
-- 700#1$aМусянокодзи$bС.
Заглавие Счастливый каллиграф Тайдзан
Автор Мусянокодзи, С.
464 #0 - АНАЛИТИЧЕСКИЙ УРОВЕНЬ
Встроенное поле 2001#$aГолос бамбука, цветок персика$eНовелла
-- 700#1$aКавабата$bЯ.$gЯсунари
Заглавие Голос бамбука, цветок персика
Автор Кавабата, Ясунари
464 #0 - АНАЛИТИЧЕСКИЙ УРОВЕНЬ
Встроенное поле 2001#$aБелая роза$eНовелла
-- 700#1$aАбэ$bТ.
Заглавие Белая роза
Автор Абэ, Т.
464 #0 - АНАЛИТИЧЕСКИЙ УРОВЕНЬ
Встроенное поле 2001#$aДетская$eНовелла
-- 700#1$aАбэ$bК.
Заглавие Детская
Автор Абэ, К.
464 #0 - АНАЛИТИЧЕСКИЙ УРОВЕНЬ
Встроенное поле 2001#$aСвое лицо$eНовелла
-- 700#1$aИсикава$bТ.
Заглавие Свое лицо
Автор Исикава, Т.
464 #0 - АНАЛИТИЧЕСКИЙ УРОВЕНЬ
Встроенное поле 2001#$aНеожиданное происшествие$eНовелла
-- 700#1$aЕсиюки$bД.
Заглавие Неожиданное происшествие
Автор Есиюки, Д.
702 #1 - ИМЯ ЛИЦА - ВТОРИЧНАЯ ОТВЕТСТВЕННОСТЬ
Начальный элемент ввода Гривнин
Часть имени, кроме начального элемента ввода В.
Код отношения Автор введения, предисловия, примечания и т.п.
702 #1 - ИМЯ ЛИЦА - ВТОРИЧНАЯ ОТВЕТСТВЕННОСТЬ
Начальный элемент ввода Рехо
Часть имени, кроме начального элемента ввода К.
Код отношения Составитель
801 #0 - ИСТОЧНИК ЗАПИСИ
Страна российская федерация
Организация NLR
Правила каталогизации psbo
801 #1 - ИСТОЧНИК ЗАПИСИ
Страна российская федерация
Организация ELAR
Источник данных rusmarc
852 ## - МЕСТОНАХОЖДЕНИЕ И ШИФР ХРАНЕНИЯ
Идентификатор организации NLR
Шифр хранения (Call Number) 72-3/6320
942 ## - ДОПОЛНИТЕЛЬНЫЕ ЭЛЕМЕНТЫ ЗАПИСИ (АБИС)
Тип экземпляра АБИС Книга
980 ## - КОЛЛЕКЦИЯ
Название коллекции Национальная библиография
Экземпляры
Тип экземпляра Дата поступления Библиотека постоянного хранения Библиотека текущего хранения Место хранения Шифр хранения Штрих-код Статус не для выдачи
Книга 26.10.2013 РНБ (Московский) РНБ (Московский) Русский книжный фонд: издания с 1957 года, 9этаж, Хран. 72-3/6320 1-412536